Loading...
| Science - Chemistry | 0 | 10 | 2 | 1 | 90 | 38 | 74.30 | 3 | 7 | 0.00 | 0.00 |
| History - World | 0 | 4 | 2 | 1 | 30 | 100 | 120.00 | 0 | 0 | 0.00 | 0.00 |
| History - American | 0 | 3 | 1 | 2 | 25 | 87 | 122.33 | 0 | 0 | 0.00 | 0.00 |
| Religion | 0 | 3 | 1 | 0 | 25 | 79 | 81.67 | 1 | 2 | 0.00 | 0.00 |
| Philosophy | 0 | 2 | 0 | 1 | 20 | 110 | 129.00 | 0 | 0 | 0.00 | 0.00 |
| Science - Other | 0 | 2 | 0 | 0 | 20 | 84 | 109.00 | 0 | 0 | 0.00 | 0.00 |
| Geography | 0 | 2 | 0 | 0 | 20 | 87 | 101.00 | 0 | 0 | 0.00 | 0.00 |
| Other Academic | 0 | 2 | 0 | 1 | 20 | 143 | 149.00 | 0 | 0 | 0.00 | 0.00 |
| History - Other | 0 | 2 | 1 | 2 | 15 | 108 | 121.00 | 0 | 0 | 0.00 | 0.00 |
| History - European | 0 | 1 | 0 | 0 | 10 | 101 | 101.00 | 0 | 0 | 0.00 | 0.00 |
| Literature - World | 0 | 1 | 0 | 0 | 10 | 116 | 116.00 | 0 | 0 | 0.00 | 0.00 |
| Science - Biology | 0 | 1 | 1 | 0 | 5 | 102 | 102.00 | 0 | 0 | 0.00 | 0.00 |
| Science - Physics | 0 | 1 | 1 | 1 | 5 | 152 | 152.00 | 0 | 0 | 0.00 | 0.00 |
| Social Science | 0 | 0 | 0 | 0 | 0 | 0.00 | 0 | 0 | 0.00 | 0.00 | |
| Mythology | 0 | 0 | 1 | 0 | -5 | 0.00 | 0 | 0 | 0.00 | 0.00 | |
| Fine Arts - Other | 0 | 0 | 1 | 0 | -5 | 0.00 | 0 | 0 | 0.00 | 0.00 | |
| Fine Arts - Painting & Sculpture | 0 | 0 | 1 | 0 | -5 | 0.00 | 0 | 0 | 0.00 | 0.00 | |
| Current Events | 0 | 0 | 1 | 0 | -5 | 0.00 | 0 | 0 | 0.00 | 0.00 |